000 00317nam a22001337a 4500
008 210310b ||||| |||| 00| 0 eng d
041 _aeng
080 _a2
082 _a2
100 _a24
101 _aTEO
245 _aReality,Man and Existence:essential works of existentialism
_cBlackham,J.H
942 _2udc
_cBK
999 _c56235
_d56235